Представление документа в формате MARC21

Поле Инд. ПП Название Значение
Тип записи a
Библиографический уровень s
001 Контрольный номер DU/613571625
005 Дата корректировки 20230510150939.6
008 Кодируемые данные 20190611
041 a Код языка текста rus
084 a Индекс другой классификации/Индекс ББК 67
090 a Полочн. индекс 95.2+67
099 a Индекс 15604
245 10 a Заглавие Информационный вестник правительства Московской области
n Номер части/ раздела №8/2019
c Ответственность учредители: Гос. автономное учреждение Моск. обл. "ИД "Подмосковье" [и др.]; шеф-ред. А. Б. Прокопьев
260 c Дата издания 2019
b Издательство Подмосковье
a Место издания Москва
300 a Объем 640 с.
500 a Примечание Журнал
650 14 a Основная рубрика право
653 1_ a Ключевые слова закон
a Ключевые слова постановления
a Ключевые слова распоряжение
a Ключевые слова Московская область
a Ключевые слова правительство
773 08 w Контрольный № источника RU/IS/BASE/497019111
901 t Тип документа s
952 a Тип литературы для КСУ ВШ НОР
991 s 10